000 00309nam a2200133Ia 4500
008 240624s9999 xx 000 0 und d
041 _aeng
082 _a823 DAT
100 _aDATTA DURJOY
245 _aBOY WHO LOVED
260 _c2017
_aNew Delhi
_bPenguin
300 _a297 p.; 19 cm.
365 _cRS
_b28.5
999 _c29471
_d29471